Čerepky «Visky»

Bibliographic Details
Main Author: Dacej, Vasiľ, 1936- (Author)
Format: Article
Language:Ukrainian
Subjects:
Online Access:www.rusini-ukrajinci.tym.sk

MARC

LEADER 00000nab a2200000 a 4500
001 vtls010517409
003 SK-MaSNL
005 20260318114339.0
008 130606c2013 xo wr p 000 c0ukr
015 |a SNBRB2013/06 
038 |a SVKPOCL 
040 |a SVKPOCL  |b slo  |c SVKPOCL  |e AACR2 
041 0 |a ukr 
044 |a xo  |c SK 
080 |a 80(=16)+908(4)  |2 2001 
080 |a 323.15(438)  |2 2001 
080 |a 94(438)  |2 2001 
080 |a 341.43  |2 2001 
100 1 |a Dacej, Vasiľ,  |d 1936-  |4 aut  |9 132022 
245 1 0 |a Čerepky «Visky»  |c Vasyl' Dacej 
500 |a Na dokumente je chýbne uvedený rok vydania 2012, správne má byť 2013 
648 7 |a 1947  |2 svkpocl  |9 309318 
650 0 7 |a akcia Visla (1947)  |2 svkpocl  |9 92781 
650 0 7 |a Lemkovia  |2 svkpocl  |9 27189 
650 0 7 |a národnostné menšiny  |z Poľsko  |2 svkpocl  |9 324238 
650 0 7 |a nútené vysťahovanie  |2 svkpocl  |9 997 
650 0 7 |a slavistika  |2 svkpocl  |9 4282 
650 0 7 |a azylová politika  |2 svkpocl  |9 59159 
651 7 |a Poľsko  |2 svkpocl  |9 16755 
651 7 |a Československo  |2 svkpocl  |9 21376 
773 0 |t Nove žyttja  |g Roč. 63, č. 7 (2012) [(2013)], s. 1 
852 |a SVKPO  |b KIS3GCP 
856 4 1 |u www.rusini-ukrajinci.tym.sk 
958 |a UK 
958 |a SK 
958 |a RN 
958 |a SS 
958 |a PL 
999 |c 3362213  |d 3364143